000 00599nam a22002297a 4500
001 47887
003 UA-OsUOA
005 20220815124821.0
007 ta
008 20070822b un ||||| |||| 00| 0 ukr d
040 _aUA-OsUOA
_bukr
_cUA-OsUOA
_dUA-OsUOA
041 _aukr
080 _a821.161.2
090 _a821.161.2
_bК49
100 _aКлічак В.
245 _aДощовий годинник
_bвірші
260 _aК.
_bМолодь
_c1989
300 _a45 с.
650 7 _a82 Література. Літературознавство
_2UDC
942 _cBK
_2udc
955 _a3
999 _c333988
_d333988